Statistics for Answers Contain "Fox" Quiz

Click here to take the quiz!

General Stats

  • This quiz has been taken 236 times
  • The average score is 10 of 20

Answer Stats

HintAnswer% Correct
Web browserFirefox
92%
CNN's rivalFox News
87%
Activity that originated in EnglandFoxhunting
80%
Nickname of Erwin RommelDesert Fox
77%
Marty McFlyMichael J. Fox
76%
"Transformers" starMegan Fox
74%
Small pit used for cover during warFoxhole
72%
Star of the movie "Ray"Jamie Foxx
72%
Dana Scully's partnerFox Mulder
58%
Flower scientificly known as digitalisFoxglove
54%
Major Hollywood movie studio20th Century Fox
49%
"Sanford and Son" fatherRedd Foxx
43%
2009 Wes Anderson animationFantastic Mr. Fox
36%
May be a redneck,
Smarter than a 5th grader
Jeff Foxworthy
34%
Song by the British band, SweetFox on the Run
22%
President of Mexico, 2000-2006Vicente Fox
20%
Type of fox that is native to SaharaFennec Fox
18%
Knox on fox is socks in boxFox in Socks
16%
2014 wrestling Steve Carrell movieFoxcatcher
15%
Taiwanese company that makes
IPhones in China
Foxconn
11%

Score Distribution

Percentile by Number Answered

Percent of People with Each Score

Your Score History

You have not taken this quiz